00530nam a22001577a 450000500170000001000150001702000110003203500140004303700130005708200130007024501330008325000060021626000410022227000880026330000210035120240319110452.0 aENG-139777 c147.50 aEN-123309 bDBAD/PUB a337.321 aPublic finance and International economicsbFor B.A third year of all universities,entrance examination & other competitive exam a1 aHyderabadbLorven publicationsc2012 a3-5-1108, Maruthi complex, narayangudabHyderabade500029k24753066l91-40-66365445 a176p.c20cm(pbk)